000 00350nam a22001217a 4500
040 _cSK
082 _a333
100 _aDANIDA
245 _aTree climbing for seed collection; ការឡើងដើមឈើដើម្បីបេះប្រមូលគ្រាប់ពូជ
260 _aPhnom Penh
_bDAN
_c2002
300 _a39p.
942 _cKB
999 _c9535
_d9535